000 01025nas a2200301 4500
001 BR8001274
003 BR-BrBNA
005 20231205084207.0
007 ta
008 230509b bl.|||p| |||| 00| 00por d
040 _aBR-BrBNA
_bpor
_cBiblioteca Nacional de Agricultura
041 _a(Pt)
072 _aF25; F60
100 1 _aBettiol, W.
100 1 _aCarvalho, P.C.T. de
245 1 _aUtilizacao de residuos da fermentacao glutanica e fosfatos naturais em pastagens [Capim pangola; Fertilizante]
246 1 _aThe utilization of residues from glutamic fermentation and natural phosphates in pastures [Pangola grass; Fertilizer]
650 _aFertilizante
650 _aFisiologia vegetal
650 _aCapim pangola
650 _aFertilizante nitrogenado
650 _aFertilizante fosfatado
650 _aAnalise foliar
650 _aAbsorcao
773 0 _tSolo (Brazil)
_xISSN 0584-0821
_g(Jul 1979), v. 71(2) p. 59-63
_wBR8001274
909 _a202311
_bLúcia
_c55
_dLúcia Elande
942 _2AGRIS
_n0
_cANA
999 _c103702
_d103702